Workbook television production broadcast journalism/ (Record no. 16337)
[ view plain ]
| 000 -LEADER | |
|---|---|
| fixed length control field | 00702nam a22001937a 4500 |
| 008 - FIXED-LENGTH DATA ELEMENTS--GENERAL INFORMATION | |
| fixed length control field | 170313b xxu||||| |||| 00| 0 eng d |
| 020 ## - INTERNATIONAL STANDARD BOOK NUMBER | |
| International Standard Book Number | 1605253510 |
| 040 ## - CATALOGING SOURCE | |
| Original cataloging agency | KABU |
| Transcribing agency | KABU |
| 050 ## - LIBRARY OF CONGRESS CALL NUMBER | |
| Classification number | PN4784 |
| Item number | .D34 2012 C.1 |
| 100 ## - MAIN ENTRY--PERSONAL NAME | |
| Personal name | Dahlman, Christine L. |
| 245 ## - TITLE STATEMENT | |
| Title | Workbook television production broadcast journalism/ |
| Statement of responsibility, etc. | Christine L. Dahlman and Philip L. Harris |
| 260 ## - PUBLICATION, DISTRIBUTION, ETC. (IMPRINT) | |
| Place of publication, distribution, etc. | Illinois |
| Name of publisher, distributor, etc. | The Goodheart-willcox company |
| 300 ## - PHYSICAL DESCRIPTION | |
| Extent | 136 p. |
| 650 ## - SUBJECT ADDED ENTRY--TOPICAL TERM | |
| Topical term or geographic name as entry element | Television broadcasting of news |
| 650 ## - SUBJECT ADDED ENTRY--TOPICAL TERM | |
| Topical term or geographic name as entry element | Television |
| Form subdivision | Production and direction |
| 650 ## - SUBJECT ADDED ENTRY--TOPICAL TERM | |
| Topical term or geographic name as entry element | Broadcast journalism |
| Form subdivision | Technological innovations |
| 700 ## - ADDED ENTRY--PERSONAL NAME | |
| Personal name | Harris, Philip L. |
| 942 ## - ADDED ENTRY ELEMENTS (KOHA) | |
| Source of classification or shelving scheme | Library of Congress Classification |
| Koha item type | General Collection |
| Classification part | PN4784 .D34 2012 C.1 |
| Withdrawn status | Lost status | Source of classification or shelving scheme | Not for loan | Home library | Current library | Shelving location | Date acquired | Cost, normal purchase price | Total Checkouts | Full call number | Barcode | Date last seen | Date last checked out | Copy number | Price effective from | Koha item type |
|---|---|---|---|---|---|---|---|---|---|---|---|---|---|---|---|---|
| Library of Congress Classification | Kabarak, Main Campus | Kabarak, Main Campus | General Stacks | 13/03/2017 | 2373.54 | 1 | PN4784 .D34 2012 C.1 | 026935 | 22/02/2022 | 21/02/2022 | C.1 | 13/03/2017 | General Collection |